000
00275nam a2200109Ia 4500
008
220204s9999 xx 000 0 und d
082
_a
929 A/Z (CAR)
_b
PUD
100
_a
John
245
0
_a
Lewis Carroll and his world
260
_a
London
_b
Thames and Hudson
_c
1976
942
_c
BK
999
_c
34488
_d
34488